000 00878nas a2200277 4500
001 BR9502719
003 BR-BrBNA
005 20231205094017.0
007 ta
008 230509b bl.|||p| |||| 00| 00por d
040 _aBR-BrBNA
_bpor
_cBiblioteca Nacional de Agricultura
041 _a(Pt)
072 _aL72
100 1 _aGomes, A.P.M.
100 1 _aVogel, J.
100 1 _aBotelho, G.G.
100 1 _aPacheco, R.G.,Rodrigues, O.D.
245 1 _aAvaliacao eletrocardiografica em caprinos infectados experimentalmente por Sarcocystis capracanis Fischer, 1979
650 _aCaprino
650 _aCoccideo
650 _aInfeccao
650 _aEletrocardiografia
773 0 _tRevista Brasileira de Medicina Veterinaria (Brazil)
_xISSN 0100-2430
_g(Nov-Dec 1994), v. 16(6) p. 240-247
_wBR9502719
909 _a202311
_bLúcia
_c55
_dLúcia Elande
942 _2AGRIS
_n0
_cANA
999 _c141580
_d141580